Резистентность переносчиков и резервуаров инфекции к пестицидам (Запись № 5404143)

Подробности
000 -МАРКЕР
контрольное поле 02065nam0a22003971 4500
001 - ИДЕНТИФИКАТОР ЗАПИСИ
контрольное поле rc\2379274
005 - ИДЕНТИФИКАТОР ВЕРСИИ
контрольное поле 20250623101558.0
010 ## - МЕЖДУНАРОДНЫЙ СТАНДАРТНЫЙ НОМЕР КНИГИ (ISBN)
Цена 30 к.
021 ## - НОМЕР ГОСУДАРСТВЕННОЙ РЕГИСТРАЦИИ
Код страны Российская Федерация
Номер 78-105894
035 ## - ДРУГИЕ СИСТЕМНЫЕ НОМЕРА
Идентификатор записи (NLR Aleph) 006717100
100 ## - ДАННЫЕ ОБЩЕЙ ОБРАБОТКИ
Данные общей обработки 20110829d1978 |||y0rusy50 ca
101 1# - ЯЗЫК РЕСУРСА
Язык текста, звукозаписи и т.д. русский
Язык оригинала английский
102 ## - СТРАНА ПУБЛИКАЦИИ ИЛИ ПРОИЗВОДСТВА
Страна публикации Российская Федерация
105 ## - ПОЛЕ КОДИРОВАННЫХ ДАННЫХ: ТЕКСТОВЫЕ МАТЕРИАЛЫ, МОНОГРАФИЧЕСКИЕ
Кодированные данные о монографическом текстовом документе y z |||||
200 1# - ЗАГЛАВИЕ И СВЕДЕНИЯ ОБ ОТВЕТСТВЕННОСТИ
Основное заглавие Резистентность переносчиков и резервуаров инфекции к пестицидам
Сведения, относящиеся к заглавию двадцать второй доклад Комитета экспертов ВОЗ по инсектицидам
-- [перевод с английского]
210 ## - ПУБЛИКАЦИЯ, РАСПРОСТРАНЕНИЕ И ДР.
Место издания, распространения и т.д. Москва
Имя издателя, распространителя и т. д. Медицина
Дата издания, распространения и т.д. 1978
215 ## - ФИЗИЧЕСКАЯ ХАРАКТЕРИСТИКА
Специфическое обозначение материала и объем 99 с.
Размеры 21
225 1# - СЕРИЯ
Основное заглавие серии Серия технических докладов
Сведения об ответственности Всемирная организация здравоохранения
Обозначение тома № 585
606 1# - НАИМЕНОВАНИЕ ТЕМЫ КАК ПРЕДМЕТ
Наименование темы Инсектициды
Тематический подзаголовок Биологическое действие
Системный номер авторитетной/нормативной записи 2136334
Идентификатор авторитетной/нормативной записи RU\NLR\AUTH\661288163
606 1# - НАИМЕНОВАНИЕ ТЕМЫ КАК ПРЕДМЕТ
Наименование темы Насекомые-переносчики болезней
Тематический подзаголовок Устойчивость к пестицидам
Системный номер авторитетной/нормативной записи 1698272
Идентификатор авторитетной/нормативной записи RU\NLR\AUTH\66755668
606 1# - НАИМЕНОВАНИЕ ТЕМЫ КАК ПРЕДМЕТ
Наименование темы Клещи-переносчики болезней
Системный номер авторитетной/нормативной записи 1483247
Идентификатор авторитетной/нормативной записи RU\NLR\AUTH\66633041
606 1# - НАИМЕНОВАНИЕ ТЕМЫ КАК ПРЕДМЕТ
Наименование темы Насекомые-переносчики болезней
Тематический подзаголовок Борьба с ними
-- Применение пестицидов
Системный номер авторитетной/нормативной записи 1697582
Идентификатор авторитетной/нормативной записи RU\NLR\AUTH\66755309
606 1# - НАИМЕНОВАНИЕ ТЕМЫ КАК ПРЕДМЕТ
Наименование темы Насекомые-переносчики болезней
Тематический подзаголовок Устойчивость к пестицидам
Системный номер авторитетной/нормативной записи 1698272
Идентификатор авторитетной/нормативной записи RU\NLR\AUTH\66755668
686 1# - ИНДЕКСЫ ДРУГИХ КЛАССИФИКАЦИЙ
Индекс Р267.89
686 1# - ИНДЕКСЫ ДРУГИХ КЛАССИФИКАЦИЙ
Индекс Р193.947.021
686 1# - ИНДЕКСЫ ДРУГИХ КЛАССИФИКАЦИЙ
Индекс Р194.4
711 02 - НАИМЕНОВАНИЕ ОРГАНИЗАЦИИ - АЛЬТЕРНАТИВНАЯ ОТВЕТСТВЕННОСТЬ
Начальный элемент ввода Всемирная организация здравоохранения
Структурное подразделение Комитет экспертов по инсектицидам
Системный номер авторитетной/нормативной записи 874812
Идентификатор авторитетной/нормативной записи RU\NLR\AUTH\880602961
801 #0 - ИСТОЧНИК ЗАПИСИ
Страна Российская Федерация
Организация NLR
Правила каталогизации psbo
801 #1 - ИСТОЧНИК ЗАПИСИ
Страна Российская Федерация
Организация ELAR
Источник данных rusmarc
852 ## - МЕСТОНАХОЖДЕНИЕ И ШИФР ХРАНЕНИЯ
Идентификатор организации NLR
Шифр хранения (Call Number) П16/1130 (№ 585)
899 ## - ДАННЫЕ О МЕСТОНАХОЖДЕНИИ (устаревшее)
Местонахождение RuMoRGB
Шифр хранения XXV 33/104
899 ## - ДАННЫЕ О МЕСТОНАХОЖДЕНИИ (устаревшее)
Местонахождение RuMoRGB
Шифр хранения XXV 34/104
942 ## - ДОПОЛНИТЕЛЬНЫЕ ЭЛЕМЕНТЫ ЗАПИСИ (АБИС)
Тип экземпляра АБИС Книга
980 ## - КОЛЛЕКЦИЯ
Название коллекции Национальная библиография
Экземпляры
Тип экземпляра Дата поступления Библиотека постоянного хранения Библиотека текущего хранения Место хранения Шифр хранения Штрих-код Статус экземпляра
Книга 26.10.2013 РНБ (Московский) РНБ (Московский) Русский журнальный фонд П16/1130 (№ 585) 6717100-20